Digital protection and signalling
Gespeichert in:
| Format: | Buch |
|---|---|
| Sprache: | Englisch |
| Veröffentlicht: |
London :
Institution of Electrical Engineers,
1995
|
| Ausgabe: | 1.vyd. |
| Schriftenreihe: | Power system protection
Vol.4 |
| Schlagworte: | |
| Tags: |
Keine Tags, Fügen Sie das erste Tag hinzu!
|
MARC
| LEADER | 00000nam a22000003a 4500 | ||
|---|---|---|---|
| 001 | stu9740 | ||
| 005 | 20150408181843.5 | ||
| 008 | 970522s1995----uk------------------eng-d | ||
| 020 | |a 0-85296-838-8 | ||
| 040 | |a STU |b slo | ||
| 041 | 0 | |a eng | |
| 044 | |a uk | ||
| 080 | |a 621.316.9 | ||
| 080 | |a 681.323 |7 stu_us_auth*stu8264 | ||
| 084 | |a B8140 |2 INS | ||
| 084 | |a B8140C |2 INS | ||
| 084 | |a B0290 |2 INS | ||
| 084 | |a C3340H |2 INS | ||
| 245 | |a Digital protection and signalling | ||
| 250 | |a 1.vyd. | ||
| 260 | |a London : |b Institution of Electrical Engineers, |c 1995 | ||
| 300 | |a 124 s | ||
| 650 | 7 | |a Elektroenergetika |2 stusub | |
| 650 | 7 | |a elektrizačné sústavy |2 stusub | |
| 650 | 7 | |a ochranné zariadenia |2 stusub | |
| 650 | 7 | |a číslicové riadenie |2 stusub | |
| 650 | 7 | |a číslicová technika |2 stusub | |
| 650 | 7 | |a číslicové ochrany |2 stusub | |
| 650 | 7 | |a riadiace systémy |2 stusub | |
| 830 | 0 | |a Power system protection |v Vol.4 | |
| 996 | |b E81232 |c E*81232 |l EE06 |s P |a 0 |w stu9740_0001 | ||